| 000 | 00369nam a22001217a 4500 | ||
|---|---|---|---|
| 999 |
_c5106 _d235610 |
||
| 020 | _a9789878338057 | ||
| 080 | _a347.9 N 889 | ||
| 245 |
_aNueva Gestión Judicial _bOralidad Civil efectiva en Argentina |
||
| 260 |
_aCiudad Autónoma de Buenos Aires _bEdiciones SAIJ, _c2019 |
||
| 650 |
_xderecho procesal civil _xderecho procesal |
||
| 945 |
_acd _d2019-11-22 |
||
| 942 | _6_ | ||